Unamuno socialista (Record no. 176347)

MARC details
000 -LEADER
campo de control de longitud fija 00786nam a22002175i 4500
001 - NÚMERO DE CONTROL
campo de control 176347
003 - IDENTIFICADOR DE NÚMERO DE CONTROL
campo de control ES-MaACL
005 - FECHA Y HORA DE LA ÚLTIMA TRANSACCIÓN
campo de control 20231218202343.0
008 - DATOS DE LONGITUD FIJA--INFORMACIÓN GENERAL
campo de control de longitud fija 110111s1978 sp |||| | spa d
020 ## - NÚMERO INTERNACIONAL ESTÁNDAR DEL LIBRO
Número Internacional Estándar del Libro 84-277-0348-1
080 ## - NÚMERO DE LA CLASIFICACIÓN DECIMAL UNIVERSAL
Número de la Clasificación Decimal Universal 929 Unamuno, Miguel de:32
100 1# - ENTRADA PRINCIPAL--NOMBRE DE PERSONA
Nombre de persona Gómez Molleda, María Dolores,
Fechas asociadas al nombre 1922-2017
9 (RLIN) 58053
245 10 - MENCIÓN DEL TÍTULO
Título Unamuno socialista
Resto del título : páginas inéditas de D. Miguel /
Mención de responsabilidad, etc. D. Gómez Molleda.
260 ## - PUBLICACIÓN, DISTRIBUCIÓN, ETC.
Lugar de publicación, distribución, etc. Madrid :
Nombre del editor, distribuidor, etc. Narcea,
Fecha de publicación, distribución, etc. [1978]
300 ## - DESCRIPCIÓN FÍSICA
Extensión 156 p. ;
Dimensiones 18 cm.
490 1# - MENCIÓN DE SERIE
Mención de serie Bitácora. Biblioteca del estudiante ;
Designación de volumen o secuencia 65
600 14 - PUNTO DE ACCESO ADICIONAL DE MATERIA--NOMBRE DE PERSONA
Nombre de persona Unamuno, Miguel de,
Fechas asociadas al nombre 1864-1936-
Subdivisión general Pensamiento político
9 (RLIN) 111988
830 1# - PUNTO DE ACCESO ADICIONAL DE SERIE-TÍTULO UNIFORME
Título uniforme Bitácora. Biblioteca del estudiante ;
Designación de volumen o secuencia 65
9 (RLIN) 181903
852 ## - LOCALIZACIÓN
Ubicación ES-MaACL
Número de control de estantería E-13991
Encuadernación Olim P-1892
Holdings
Estatus retirado Estado de pérdida Estado de daño No para préstamo Biblioteca de origen Biblioteca actual Ubicación en estantería Fecha de adquisición Fuente de adquisición Total de préstamos Signatura topográfica completa Código de barras Visto por última vez Precio de reemplazo Tipo de ítem Koha
        Biblioteca del Ateneo de Madrid Biblioteca del Ateneo de Madrid Depósito 2 11/01/2011     E-13991 1185205 23/02/2023 23/02/2023 Libro impreso